1707 1186 1310 1126 1003 1316 1729 1823 1035 2000 1828 1028 1835 1807 1038 1976 1602 1678 1278 1689 1397 1627 1778 1587 1936 1775 1671 1913 1003 1126 1752 1787 1263 1266 1269 1823 1959 1792 1898 1550 1966 1596 1129 1141 1228 1173 1371 1333 1426 1175 1555 1361 1447 1250 1531 1177 1126 1132 1281 1388 1543 1489 1522 1548 1423 1643 1722 1491 1155 1512 1543 1182 1462 1926 1589 1252 1875 1045 1564 1344 1317 1965 1991 1207 1198 1833 1408 1411 1330 1614 1649 1049 1608 1919 1688 1160 1250 1043 1581 BCNSPRNW ULIB Ver.6.0+V

เปลี่ยนเป็นภาษาไทย

Change to English
 แสดงรายละเอียดบรรณานุกรม
  กลับหน้าหลัก

Brief Record : Get Marc (ISO 2709) : E-mail record : QR code < ปิดหน้าต่าง
LEADER : 00000nam 2200000uu 4500
001    13399110870
003     ULIB
008    110610s2542||||th 000 0 tha d
020    9744150769
060 04 WS280^bว436ก 2542
245 00 การสำรวจความรู้และพฤติกรรมของชุมชนในการดูแลเด็กโรคหวัดและปอดบวม /^cกลุ่มงานโรคติดเชื้อเฉียบพลันระบบหายใจในเด็ก กองวัณโรค กรมควบคุมโรคติดต่อ
260    กรุงเทพฯ :^bโรงพิมพ์ชุมนุมสหกรณ์การเกษตรแห่งประเทศไทย,^c2542
300    73 หน้า ;^c30 ซม.
650  2 Pneumonia
650  2 Respiratory Tract Infection^xin infancy & childhood
650  7 หวัด
650  7 ปอดอักเสบ
650  7 ทางเดินอากาศหายใจ, การติดเชื้อ
710 2  กองวัณโรค. ^bกลุ่มงานโรคติดเชื้อเฉียบพลัน
945    ^p0^l0^i011549
945    ^p0^l0^i011550
995    ทศพร
999 ^a ใช้งานได้ทุกระบบ
รายการนี้ยังไม่มีแท็ก
คุณยังไม่ได้ล็อกอิน คุณสามารถมีกิจกรรมร่วมกับเว็บไซต์ได้ แต่ต้องล็อกอินก่อน ::
  ล็อกอิน

รายการสื่อสารสนเทศ

ลำดับที่ ประเภท เลขเรียก/บาร์โค้ด สถานที่ สถานะ
- ไม่พบข้อมูล -

รายการใกล้เคียง
    หัวเรื่อง [Pneumonia]
    หัวเรื่อง [หวัด]
    หัวเรื่อง [ปอดอักเสบ]
    หัวเรื่อง [ทางเดินอากาศหายใจ, การติดเชื้อ]

BibComment


ยังไม่เคยถูกคอมเมนท์

คอมเมนท์ทรัพยากรรายการนี้
  คอมเมนท์: การสำรวจความรู้แล..


 Copyright 2026. Bcnsprnw @Library